Náčrt vývoja múzejníctva a kultúrno-výchovnej funkcie múzeí

Prehľad najstarších zberateľských tradícií v „predmuzeálnom“ období zberateľstva, vznik prvých verejných múzeí vo svete a problematika vývoja a dejín múzejníctva. Analýza kultúrno-výchovnej a zároveň poznávacej funkcie múzeí. Prehľad vývinu definície pojmu múzeum, analýza jeho funkcií a klasifikáci...

Descripción completa

Guardado en:
Detalles Bibliográficos
Autor principal: Mišúnová, Ema
Otros Autores: Mišún, Juraj, 1978-
Formato: Capítulo de libro
Lenguaje:eslovaco
Materias:
Etiquetas: Agregar Etiqueta
Sin Etiquetas, Sea el primero en etiquetar este registro!

MARC

LEADER 00000nla a2200000 4500
001 0211918
005 20240502073532.7
041 0 |a slo 
044 |a SK 
245 1 0 |a Náčrt vývoja múzejníctva a kultúrno-výchovnej funkcie múzeí  |c Ema Mišúnová, Juraj Mišún 
520 |a Prehľad najstarších zberateľských tradícií v „predmuzeálnom“ období zberateľstva, vznik prvých verejných múzeí vo svete a problematika vývoja a dejín múzejníctva. Analýza kultúrno-výchovnej a zároveň poznávacej funkcie múzeí. Prehľad vývinu definície pojmu múzeum, analýza jeho funkcií a klasifikácia múzeálnych zariadení. 
610 2 0 |a kultúra 
610 2 0 |a múzeá 
610 2 0 |a vzdelávanie 
610 2 0 |a výchova 
610 2 0 |a pamiatky 
610 2 0 |a dedičstvo kultúrne 
100 1 |a Mišúnová, Ema 
700 1 |a Mišún, Juraj, 1978-